Statistics for Top 10 Countries with the Most Time Zones

Click here to take the quiz!

General Stats

  • This quiz has been taken 50 times
  • The average score is 8 of 10

Answer Stats

Number of Time ZonesAnswer% Correct
11Russia
100%
4Brazil
96%
11United States of America
96%
6Canada
94%
8Australia
90%
9United Kingdom
88%
12France
85%
4Mexico
85%
5Denmark
50%
5New Zealand
48%

Score Distribution

Percentile by Number Answered

Percent of People with Each Score

Your Score History

You have not taken this quiz